000 00547cam a22002171 4500
001 ne 65000198
003 DLC
005 20260227111810.0
008 890508s1964 xx a 000 0 ara
010 _ane 65000198
035 _a(OCoLC)23492562
040 _aDLC
_cMiU
_dDLC
042 _apremarc
050 0 0 _aB2136
_b.I2
100 1 _aIbrāshī, Muḥammad ʻAṭīyah.
245 1 0 _aJān Jāk Rūssū.
260 _c[1964]
300 _a127 p.
_billus.
_c24 cm.
500 _aRomanized.
600 1 0 _aRousseau, Jean-Jacques,
_d1712-1778.
999 _c47888
_d47888